Fixační prvky na bázi papíru

Tovar uložený v obaloch je pri skladovaní a hlavne pri manipulácii a preprave vystavený rôznym vplyvom tlaku či nárazu. Obal tlaky a nárazy čiastočne tlmí, avšak je potrebná istá fixácia. Zaujímavé novinky v tejto oblasti: dizajn plast, schapopack, gatorpak, pac-king. Typy papierovej fixácie.

Saved in:
Bibliographic Details
Main Author: Vítek, Miloslav
Format: Book Chapter
Language:Czech
Subjects:
Tags: Add Tag
No Tags, Be the first to tag this record!

MARC

LEADER 00000naa a2200000 4500
001 0220781
005 20221104111654.8
041 0 |a cze 
044 |a CZ 
245 1 0 |a Fixační prvky na bázi papíru  |c Miloslav Vítek 
520 |a Tovar uložený v obaloch je pri skladovaní a hlavne pri manipulácii a preprave vystavený rôznym vplyvom tlaku či nárazu. Obal tlaky a nárazy čiastočne tlmí, avšak je potrebná istá fixácia. Zaujímavé novinky v tejto oblasti: dizajn plast, schapopack, gatorpak, pac-king. Typy papierovej fixácie. 
610 2 0 |a obaly 
610 2 0 |a balenie 
610 2 0 |a technika obalová 
610 2 0 |a tovar 
610 2 0 |a manipulácia s tovarom 
610 2 0 |a papier 
610 2 0 |a ekológia 
100 1 |a Vítek, Miloslav